[Event "VL18/19"]
[Site "Mecklenburg-Vorpommern"]
[Date "2019.04.07"]
[Round "9.6"]
[White "Schulz, Bernd"]
[Black "Gwiazda, Slawomir"]
[Result "1/2-1/2"]
[WhiteElo "1846"]
[BlackElo "1945"]
[PlyCount "113"]
[EventDate "2018.??.??"]
[EventType "team-tourn"]
[EventRounds "9"]
[EventCountry "GER"]
[WhiteTeam "Gruen-Weiss Wismar"]
[BlackTeam "Greifswalder SV II"]
[WhiteTeamCountry "GER"]
[BlackTeamCountry "GER"]

1. e4 e6 2. d4 d5 3. exd5 exd5 4. Nf3 Bd6 5. c4 dxc4 6. Bxc4 Nf6 7. O-O O-O 8.
Bg5 Bg4 9. Qb3 Bxf3 10. Qxf3 c6 11. Bxf6 Qxf6 12. Qxf6 gxf6 13. Nc3 Re8 14.
Rfe1 Nd7 15. Ne4 Bc7 16. Rad1 Kg7 17. Ng3 Kf8 18. Nf5 Rxe1+ 19. Rxe1 Re8 20.
Kf1 Nb6 21. Bb3 a5 22. a3 Nd5 23. Bxd5 cxd5 24. Rxe8+ Kxe8 25. b3 Kd7 26. h3
Bb6 27. Ke2 Ke6 28. g4 Bc7 29. Kd3 Bf4 30. a4 Bc1 31. Kc3 Bf4 32. Kd3 Bc1 33.
Ke2 Bf4 34. Kf3 Bc7 35. Ng7+ Ke7 36. Ke3 Kd7 37. f4 Ke7 38. Kf3 Bb8 39. Nf5+
Kd7 40. Ne3 Kd6 41. h4 Ba7 42. Nf5+ Kd7 43. Ke3 Bb6 44. Ng3 Bc7 45. Ne2 Bd6 46.
Nc3 Kc6 47. Ne2 Kd7 48. f5 Bc7 49. Nf4 Bxf4+ 50. Kxf4 h6 51. g5 fxg5+ 52. hxg5
hxg5+ 53. Kxg5 Ke7 54. Kg4 Kf6 55. Kf4 b6 56. Kg4 Kg7 57. Kg5 1/2-1/2

[Event "VL18/19"]
[Site "Mecklenburg-Vorpommern"]
[Date "2019.04.07"]
[Round "9.7"]
[White "Dombrowski, Frank"]
[Black "Raessler, Arndt"]
[Result "1/2-1/2"]
[WhiteElo "1873"]
[BlackElo "1700"]
[PlyCount "40"]
[EventDate "2018.??.??"]
[EventType "team-tourn"]
[EventRounds "9"]
[EventCountry "GER"]
[WhiteTeam "Greifswalder SV II"]
[BlackTeam "Gruen-Weiss Wismar"]
[WhiteTeamCountry "GER"]
[BlackTeamCountry "GER"]

1. c3 d5 2. d4 c6 3. Bf4 Bf5 4. Nf3 Nf6 5. e3 e6 6. Nbd2 h6 7. h3 Nbd7 8. Be2
Ne4 9. O-O Be7 10. Nxe4 Bxe4 11. Nd2 Bh7 12. b4 a6 13. Nb3 b6 14. Nd2 O-O 15.
Qb3 c5 16. a3 a5 17. Ra2 axb4 18. axb4 Rxa2 19. Qxa2 cxb4 20. c4 Qa8 1/2-1/2

[Event "VL18/19"]
[Site "Mecklenburg-Vorpommern"]
[Date "2019.04.07"]
[Round "9.8"]
[White "Avetyan, Manan"]
[Black "Malchau, Jochen"]
[Result "0-1"]
[WhiteElo "1161"]
[BlackElo "1713"]
[PlyCount "88"]
[EventDate "2018.??.??"]
[EventType "team-tourn"]
[EventRounds "9"]
[EventCountry "GER"]
[WhiteTeam "Gruen-Weiss Wismar"]
[BlackTeam "Greifswalder SV II"]
[WhiteTeamCountry "GER"]
[BlackTeamCountry "GER"]

1. e4 c6 2. Nf3 d5 3. exd5 cxd5 4. d4 Nc6 5. c4 e6 6. a3 a5 7. Nc3 Nf6 8. Be3
Be7 9. Bd3 O-O 10. h3 dxc4 11. Bxc4 Nd5 12. Nxd5 exd5 13. Bb3 Bf5 14. Nd2 Bf6
15. Qf3 Be6 16. Qf4 Re8 17. h4 Qb6 18. g4 Bxd4 19. Bxd4 Qxd4 20. Qxd4 Nxd4 21.
f3 Bxg4+ 22. Kf2 Re2+ 23. Kg3 Rxd2 24. Bxd5 Be6 25. Bxb7 Rb8 26. Ba6 Rdxb2 27.
Rhe1 Nf5+ 28. Kh3 Nd4+ 29. Kg3 Nc2 30. Rac1 Nxe1 31. Rxe1 g6 32. Kf4 Rh2 33.
Kg5 Kg7 34. Re4 h6+ 35. Kf4 Rxh4+ 36. Ke3 Rxe4+ 37. fxe4 Rb3+ 38. Kd2 Rxa3 39.
e5 h5 40. Bd3 h4 41. Kc2 h3 42. Kb2 Rxd3 43. Kc2 Bf5 44. e6 fxe6 0-1

[Event "VL18/19"]
[Site "Mecklenburg-Vorpommern"]
[Date "2019.04.07"]
[Round "9.1"]
[White "Schumacher, Ole"]
[Black "Montag, Ralf"]
[Result "1-0"]
[WhiteElo "1835"]
[BlackElo "1948"]
[PlyCount "101"]
[EventDate "2018.??.??"]
[EventType "team-tourn"]
[EventRounds "9"]
[EventCountry "GER"]
[WhiteTeam "SF Schwerin III"]
[BlackTeam "VT Ludwigslust"]
[WhiteTeamCountry "GER"]
[BlackTeamCountry "GER"]

1. d4 Nf6 2. c4 g6 3. Nc3 d5 4. Qb3 dxc4 5. Qxc4 Bg7 6. e4 O-O 7. Nf3 b6 8. Bf4
Ne8 9. Be2 Nd6 10. Qb3 Bb7 11. e5 Ne4 12. O-O e6 13. Rac1 Nd7 14. Nxe4 Bxe4 15.
Bg5 Qc8 16. Qa4 f6 17. exf6 Nxf6 18. Ne5 h6 19. Bh4 g5 20. Bg3 Rd8 21. Ba6 Bb7
22. Bxb7 Qxb7 23. Qc6 Qxc6 24. Nxc6 Rd7 25. Rfe1 Re8 26. Nxa7 c5 27. Nc6 cxd4
28. Red1 Ne4 29. Be5 Bxe5 30. Nxe5 Rd5 31. Nd3 e5 32. Rc6 Rd6 33. Rdc1 Ree6 34.
Rxd6 Nxd6 35. f3 e4 36. fxe4 Nxe4 37. Rc7 Rd6 38. Kf1 h5 39. Ke2 Re6 40. Kd1
Rf6 41. Re7 Nf2+ 42. Nxf2 Rxf2 43. Re2 Rf5 44. Kd2 Kf7 45. Kd3 Rd5 46. Ke4 Ke6
47. Rd2 d3 48. Rxd3 Re5+ 49. Kf3 g4+ 50. Kf2 h4 51. Re3 1-0

[Event "VL18/19"]
[Site "Mecklenburg-Vorpommern"]
[Date "2019.04.07"]
[Round "9.2"]
[White "Wiemer, Juergen"]
[Black "Kutschke, Peter"]
[Result "0-1"]
[WhiteElo "1915"]
[BlackElo "1941"]
[PlyCount "114"]
[EventDate "2018.??.??"]
[EventType "team-tourn"]
[EventRounds "9"]
[EventCountry "GER"]
[WhiteTeam "VT Ludwigslust"]
[BlackTeam "SF Schwerin III"]
[WhiteTeamCountry "GER"]
[BlackTeamCountry "GER"]

1. e4 d5 2. exd5 Nf6 3. c4 e6 4. dxe6 Bxe6 5. d4 Bb4+ 6. Nc3 Qe7 7. Be3 Nc6 8.
a3 Bxc3+ 9. bxc3 O-O 10. Be2 Bf5 11. h3 Ne4 12. Qc1 Rfe8 13. g4 Bg6 14. Nf3 Na5
15. Qb2 Ng3 16. Rg1 Nxe2 17. Qxe2 Nb3 18. Ra2 Qe4 19. Rb2 Na1 20. Ne5 Nc2+ 21.
Kd2 Nxe3 22. Qxe3 Rxe5 23. dxe5 Rd8+ 24. Kc1 Qxc4 25. Rd1 Rxd1+ 26. Kxd1 Qa4+
27. Ke2 Qxa3 28. Qd2 Qa6+ 29. Kf3 Qc6+ 30. Kg3 h5 31. Qe3 hxg4 32. hxg4 Be4 33.
f3 Bd5 34. Rd2 f6 35. Qd4 Be6 36. f4 Qh1 37. Qd8+ Kf7 38. Qxc7+ Kg8 39. Qd8+
Kf7 40. Qd4 Qe1+ 41. Qf2 Qc1 42. Rd3 f5 43. gxf5 Bxf5 44. Re3 a5 45. e6+ Bxe6
46. f5 Bd7 47. Kf4 Qb1 48. Kg5 a4 49. Qf4 Qg1+ 50. Rg3 Qh2 51. Qc4+ Kf8 52.
Qc5+ Kf7 53. Qd5+ Kf8 54. Rg2 Qh6+ 55. Kg4 Bc6 56. Qd8+ Be8 57. Re2 Qh5+ 0-1

[Event "VL18/19"]
[Site "Mecklenburg-Vorpommern"]
[Date "2019.04.07"]
[Round "9.3"]
[White "Focke, Adrian"]
[Black "Illgen, Alexander"]
[Result "0-1"]
[WhiteElo "1808"]
[BlackElo "1898"]
[PlyCount "104"]
[EventDate "2018.??.??"]
[EventType "team-tourn"]
[EventRounds "9"]
[EventCountry "GER"]
[WhiteTeam "SF Schwerin III"]
[BlackTeam "VT Ludwigslust"]
[WhiteTeamCountry "GER"]
[BlackTeamCountry "GER"]

1. e4 d6 2. d4 Nf6 3. Nc3 g6 4. Nf3 Bg7 5. Be2 c5 6. d5 a6 7. a4 O-O 8. O-O Qc7
9. Bg5 Nbd7 10. Nd2 Re8 11. Rb1 e6 12. Bc4 exd5 13. Bxd5 Nb6 14. Ba2 Be6 15.
Bxe6 Rxe6 16. f3 Qc6 17. a5 Na4 18. Ne2 Nd7 19. Nc4 b5 20. axb6 Naxb6 21. Nxb6
Nxb6 22. Bd2 d5 23. exd5 Nxd5 24. Nf4 Rd6 25. Qc1 c4 26. Nxd5 Rxd5 27. Be3 Rb5
28. b3 Rab8 29. Qa3 cxb3 30. cxb3 Qe6 31. Bf2 Rxb3 32. Rxb3 Rxb3 33. Qa5 Bc3
34. Qd8+ Kg7 35. Bd4+ Bxd4+ 36. Qxd4+ Qf6 37. Qxf6+ Kxf6 38. Ra1 Rb6 39. Ra5
Ke6 40. Kf2 Kd6 41. Kg3 Kc6 42. h3 Kb7 43. Ra4 Rb5 44. Re4 Kc6 45. Re8 Rf5 46.
Rc8+ Kb5 47. Kf2 h5 48. Rb8+ Kc4 49. Rb6 a5 50. Ke3 a4 51. g4 hxg4 52. hxg4 Ra5
0-1

[Event "VL18/19"]
[Site "Mecklenburg-Vorpommern"]
[Date "2019.04.07"]
[Round "9.4"]
[White "Krueger, Horst"]
[Black "Fischer, Torsten"]
[Result "0-1"]
[WhiteElo "1899"]
[BlackElo "1975"]
[PlyCount "58"]
[EventDate "2018.??.??"]
[EventType "team-tourn"]
[EventRounds "9"]
[EventCountry "GER"]
[WhiteTeam "VT Ludwigslust"]
[BlackTeam "SF Schwerin III"]
[WhiteTeamCountry "GER"]
[BlackTeamCountry "GER"]

1. d4 Nf6 2. c4 g6 3. Nc3 d5 4. cxd5 Nxd5 5. e4 Nxc3 6. bxc3 Bg7 7. Be3 c5 8.
Qd2 O-O 9. Nf3 Qa5 10. Rb1 a6 11. c4 Qxd2+ 12. Kxd2 cxd4 13. Bxd4 Rd8 14. Kc3
Bh6 15. Be2 Nc6 16. Rhd1 Nxd4 17. Nxd4 Bg7 18. Rb2 b5 19. Rbd2 Bb7 20. f3 Rac8
21. Kb4 Bh6 22. Rc2 bxc4 23. Rxc4 a5+ 24. Kb3 Rb8 25. Kc2 Ba6 26. Rc5 Rxd4 27.
Bxa6 Rxd1 28. Kxd1 Rb1+ 29. Kc2 Rc1+ 0-1

[Event "VL18/19"]
[Site "Mecklenburg-Vorpommern"]
[Date "2019.04.07"]
[Round "9.5"]
[White "Kupfernagel, Michael"]
[Black "Meier, Klaus"]
[Result "1/2-1/2"]
[WhiteElo "1939"]
[BlackElo "1805"]
[PlyCount "62"]
[EventDate "2018.??.??"]
[EventType "team-tourn"]
[EventRounds "9"]
[EventCountry "GER"]
[WhiteTeam "SF Schwerin III"]
[BlackTeam "VT Ludwigslust"]
[WhiteTeamCountry "GER"]
[BlackTeamCountry "GER"]

1. d4 Nf6 2. Nc3 d5 3. Bg5 Nbd7 4. Nf3 e6 5. e4 dxe4 6. Nxe4 Be7 7. Nxf6+ Nxf6
8. Bd3 c5 9. c3 cxd4 10. Nxd4 Qa5 11. Qd2 Bd7 12. O-O Rd8 13. Bxf6 Bxf6 14. Qe3
Qb6 15. Nb3 Qxe3 16. fxe3 Bc6 17. Rad1 Ke7 18. Bc2 Rd5 19. Nd4 h6 20. Nxc6+
bxc6 21. Rxd5 cxd5 22. Bb3 Rb8 23. Kf2 a5 24. Rb1 a4 25. Bxa4 Bxc3 26. b3 e5
27. Ke2 e4 28. Rc1 Bb4 29. Rc7+ Ke6 30. Rc6+ Ke7 31. Rc7+ Ke6 1/2-1/2

[Event "VL18/19"]
[Site "Mecklenburg-Vorpommern"]
[Date "2019.04.07"]
[Round "9.6"]
[White "Emmrich, Olaf"]
[Black "Rabinowitsch, Juri"]
[Result "1/2-1/2"]
[WhiteElo "1802"]
[BlackElo "1884"]
[PlyCount "84"]
[EventDate "2018.??.??"]
[EventType "team-tourn"]
[EventRounds "9"]
[EventCountry "GER"]
[WhiteTeam "VT Ludwigslust"]
[BlackTeam "SF Schwerin III"]
[WhiteTeamCountry "GER"]
[BlackTeamCountry "GER"]

1. e4 c5 2. Nf3 d6 3. c3 Nf6 4. Bc4 Nxe4 5. Qa4+ Bd7 6. Bxf7+ Kxf7 7. Qxe4 Qc8
8. O-O Bf5 9. Qf4 Ke8 10. Re1 Nc6 11. d4 cxd4 12. Nxd4 Nxd4 13. Qxd4 Qc6 14.
Bf4 Kf7 15. Na3 a6 16. Nc4 Re8 17. Rad1 b5 18. Na5 Qc7 19. Qd5+ e6 20. Qb7 Re7
21. Qxc7 Rxc7 22. Bxd6 Rc8 23. Be5 Be7 24. Rd7 Rhd8 25. Red1 Rxd7 26. Rxd7 Rd8
27. Rxd8 Bxd8 28. Nc6 Bb6 29. Bd4 Bc7 30. g3 Be4 31. Ne5+ Bxe5 32. Bxe5 a5 33.
Bc7 a4 34. f4 g6 35. Kf2 Bd5 36. a3 Ke7 37. Ke3 Kd7 38. Ba5 Ba2 39. Kd4 Kc6 40.
Ke5 Kc5 41. Kf6 Bb1 42. h4 h5 1/2-1/2

[Event "VL18/19"]
[Site "Mecklenburg-Vorpommern"]
[Date "2019.04.07"]
[Round "9.7"]
[White "Schmidt, Arne"]
[Black "Zacharias, Uwe"]
[Result "1/2-1/2"]
[WhiteElo "1703"]
[BlackElo "1834"]
[PlyCount "145"]
[EventDate "2018.??.??"]
[EventType "team-tourn"]
[EventRounds "9"]
[EventCountry "GER"]
[WhiteTeam "SF Schwerin III"]
[BlackTeam "VT Ludwigslust"]
[WhiteTeamCountry "GER"]
[BlackTeamCountry "GER"]

1. Nf3 Nf6 2. g3 g6 3. Bg2 Bg7 4. O-O O-O 5. d4 d5 6. c4 Nbd7 7. Nc3 dxc4 8. b3
cxb3 9. Qxb3 Nb6 10. a4 Be6 11. Qc2 Nbd5 12. Ng5 Bc8 13. e3 h6 14. Nge4 Nxe4
15. Nxd5 Qxd5 16. Bxe4 Qd8 17. Ba3 c6 18. a5 a6 19. Qc5 Re8 20. Rad1 e6 21. Bb2
Qe7 22. Qxe7 Rxe7 23. Ba3 Re8 24. f4 Bf8 25. Bxf8 Kxf8 26. Rb1 Ke7 27. Rfc1 Kd6
28. Rc5 Re7 29. Kg2 Kd7 30. h4 h5 31. Bf3 Kd8 32. g4 hxg4 33. Bxg4 Rd7 34. Bf3
Re7 35. Kg3 Re8 36. h5 gxh5 37. Rxh5 Rg8+ 38. Kh4 Ke7 39. Rh7 Kf8 40. Bh5 Rg7
41. Rh6 Rb8 42. Rh8+ Rg8 43. Rxg8+ Kxg8 44. Bf3 Ra8 45. Kg5 Kg7 46. f5 exf5 47.
Kf4 Kf6 48. Rh1 Bd7 49. Rb1 Bc8 50. Rb6 Ke7 51. Be2 Ra7 52. Ke5 Be6 53. Bd3 Kd7
54. Bxf5 Bxf5 55. Kxf5 Kc7 56. Kf6 Ra8 57. Kxf7 Rd8 58. Rb4 Rd5 59. Ra4 Kd6 60.
e4 Rh5 61. Kg6 Rh4 62. e5+ Ke6 63. Kg5 Rh1 64. Kf4 Rf1+ 65. Ke4 Re1+ 66. Kd3
Kd5 67. Rb4 c5 68. Rxb7 cxd4 69. Rd7+ Kc5 70. Rd6 Rxe5 71. Rxa6 Re3+ 72. Kd2
Ra3 73. Ra8 1/2-1/2

[Event "VL18/19"]
[Site "Mecklenburg-Vorpommern"]
[Date "2019.04.07"]
[Round "9.8"]
[White "Koester, Klaus Dieter"]
[Black "Lindner, Thomas"]
[Result "1-0"]
[WhiteElo "1724"]
[BlackElo "1660"]
[PlyCount "69"]
[EventDate "2018.??.??"]
[EventType "team-tourn"]
[EventRounds "9"]
[EventCountry "GER"]
[WhiteTeam "VT Ludwigslust"]
[BlackTeam "SF Schwerin III"]
[WhiteTeamCountry "GER"]
[BlackTeamCountry "GER"]

1. e4 e5 2. Nf3 Nc6 3. Bc4 Bc5 4. d3 h6 5. Nc3 Nf6 6. h3 d6 7. Na4 O-O 8. Nxc5
dxc5 9. Be3 Qe7 10. O-O b6 11. Nh2 Be6 12. Bb3 Bxb3 13. axb3 a5 14. f4 Rad8 15.
Ng4 Nxg4 16. Qxg4 exf4 17. Bxf4 Kh8 18. Qh5 Kh7 19. Rf3 Nd4 20. Rg3 f6 21. c3
Ne6 22. Qf5+ Kh8 23. Rf1 Nxf4 24. Rxf4 Qd7 25. Qh5 Qf7 26. Rg6 Kh7 27. Rfg4
Rde8 28. Qf5 Kh8 29. d4 cxd4 30. cxd4 Re7 31. Rh4 Rd7 32. Qh5 Qe7 33. Rxh6+
gxh6 34. Qxh6+ Qh7 35. Qxf8# 1-0